000 01637cam a22004694i 4500
003 PE-LiUPU
005 20250731173405.0
008 150706s2009 sp a rb 000 0 spa d
020 _a9788482675497
035 _a(Sirsi) i9788482675497
040 _aPE-LiUPU
_bspa
_cPE-LiUPU
_erda
049 _aPRUA
082 0 4 _a242.08
_bC45
_221
245 0 3 _aEl Salmo fujitivo :
_bantología de poesía religiosa latinoaméricana /
_cLeopoldo Cervantes-Ortiz.
264 1 _aBarcelona :
_bEditorial Clie,
_c2009.
300 _a623 páginas :
_bilustraciones ;
_c21 centímetros
336 _atext
_2rdacontent
337 _aunmediated
_2rdamedia
338 _avolume
_2rdacarrier
504 _aIncluye bibliografía.
505 0 _aPoemas cristianos de diversos autores.
526 _aSEG42
526 _aSEG41
526 _aSEG40
526 _aSEG39
526 _aP94
526 _aP87
526 _aP86
526 _aP85
526 _aP77
526 _aP76
526 _aP35
541 _g001-001088;
650 0 4 _aPoesia cristiana
_zAmérica Latina.
700 1 _aCervantes-Ortiz, Leopoldo,
_eed.
910 _agl
_bjv
_cjck
_d20110809
942 _2ddc
_cBOOK
949 _a242.08 C45
_wDEWEY
_c1
_i63283
_lCCODEBUL1
_mBUL
_p25.00
_r0
_sY
_tBOOK
_u2015-7-6
_xTEOLOGIA
_PP35
_o.STAFF. Colección Teología
994 _aC0
_bPEPRU
596 _a1
999 _a242.08 C45
_wDEWEY
_c52282
_i63283
_d52282
_e2016-5-17
_f2021-11-10
_g5
_lCCODEBUL1
_mBUL
_n2
_p25.00
_r0
_sY
_tBOOK
_u2015-7-6
_xTEOLOGIA
_PP35
_0COMPRA
_o.STAFF. Colección Teología
980 _81
_gALBERTO SANCHEZ Responsable de Automatización